000 00433nam a22001697a 4500
005 20180720105317.0
008 160512b xxu||||| |||| 00| 0 eng d
020 _a81-203-1011-X
041 _aeng
082 _b1713
_a658.162
100 _aWeston, J. Fred and others
_91297
245 _aMergers, Restructing and Corporate Control
260 _aNew Delhi
_bPHI,
_c1990
300 _a761p,
650 _aManagement
_9241
942 _cBK
999 _c663
_d663